Sustainability standards and the Water Question /
Sábháilte in:
| Príomhchruthaitheoir: | |
|---|---|
| Rannpháirtithe: | |
| Formáid: | Téacs |
| Clibeanna: |
Cuir clib leis
Níl clibeanna ann, Bí ar an gcéad duine le clib a chur leis an taifead seo!
|
MARC
| LEADER | 00000 a a2200000 04500 | ||
|---|---|---|---|
| 001 | 46624 | ||
| 003 | |||
| 040 | |||
| 100 | |a Vos, Jeroen | ||
| 245 | |a Sustainability standards and the Water Question / |c Jeroen Vos, Rutgerd Boelens | ||
| 700 | |a Boelens, Rutgerd | ||
| 773 | |g volumen45, número2 ( , 2014), páginas 205-230 | ||
| 999 | |c 38689 |d 38689 | ||
